A hit elemzése lélektani és dogmatikai szempontból.

Elmentve itt :
Bibliográfiai részletek
Szerző: Wiedermann Károly
Adatforrás:Philobibl
Dokumentumtípus: Könyv
Nyelv:magyar
Megjelent: Esztergom. Szent István-Társulat biz. 1911
LEADER 00351nam a2200109 c 4500
001 bibDOK00025878
005 20200924122024.3
008 060518s1911 xx hun
100 1 |a Wiedermann Károly 
245 1 2 |a A hit elemzése lélektani és dogmatikai szempontból.  |c Wiedermann Károly 
260 |a Esztergom.  |b Szent István-Társulat biz.  |c 1911 
300 |a 244 p. p.